Zdroje financovania malých a stredných podnikov a ich efektívnosť bakalárska práca

Gespeichert in:
Bibliographische Detailangaben
1. Verfasser: Maďarová, Romana
Körperschaft: Fakulta podnikového manažmentu EU. Katedra podnikových financií
Weitere Verfasser: Foltínová, Ľubica, 1975-
Format: Buch
Sprache:Slowakisch
Veröffentlicht: Bratislava 2017
Tags: Tag hinzufügen
Keine Tags, Fügen Sie das erste Tag hinzu!

MARC

LEADER 00000nbm a2200000 4500
001 0232347
005 20171009144847.7
041 0 |a slo 
044 |a SK 
245 1 0 |a Zdroje financovania malých a stredných podnikov a ich efektívnosť  |b bakalárska práca  |c Romana Maďarová ; školiteľ: Ľubica Foltínová 
264 1 |a Bratislava  |c 2017 
300 |a 58 s. 
100 1 |a Maďarová, Romana 
700 1 |a Foltínová, Ľubica, 1975- 
710 2 |a Fakulta podnikového manažmentu EU. Katedra podnikových financií